| 000 | 00709nam a2200205 i 4500 | ||
|---|---|---|---|
| 001 | 64567 | ||
| 003 | ES-MaACL | ||
| 005 | 20230906165148.0 | ||
| 007 | t| | ||
| 008 | 031229s1933 uy ||||1| spa d | ||
| 100 | 1 |
_aFontana Company, Mario A. _951602 |
|
| 245 | 1 | 3 |
_aLa destacada obra geopaleontológica de Don Carlos Rusconi / _cMario A. Fontana Company. |
| 260 |
_aMontevideo : _b[s.n., _c1933] ( _fImp. El Siglo Ilustrado) |
||
| 300 |
_a28 p. ; _c28 cm. |
||
| 490 | 1 |
_aRevista de la Sociedad Amigos de la Arqueología ; _v6 |
|
| 600 | 1 | 4 |
_aRusconi, Carlos. _9158550 |
| 830 | 0 |
_aRevista de la Sociedad Amigos de la Arqueología ; _v6 _9230722 |
|
| 852 |
_aES-MaACL _j1769-F-4 |
||
| 999 |
_c64567 _d64567 |
||